1608 1661 1241 1844 1135 1376 1179 1556 1372 1473 1314 1538 1332 1314 1602 1605 1847 1673 1708 1457 1562 1338 1178 1243 1744 1627 1842 1638 1993 1802 1095 1803 1673 1028 1993 1223 1318 1297 1456 1045 1256 1258 1839 1272 1849 1424 1481 1885 1703 1533 1400 1251 1318 1214 1088 1975 1933 1443 1129 1601 1789 1922 1252 1423 1721 1651 1712 1838 1450 1804 1311 1884 1010 1015 1042 1118 1642 1101 1847 1849 1480 1687 1401 1221 1577 1390 1803 1132 1601 1955 1765 1475 1112 1299 1100 1526 1647 1772 1738 BCNSPRNW ULIB Ver.6.0+V

เปลี่ยนเป็นภาษาไทย

Change to English
 แสดงรายละเอียดบรรณานุกรม
  กลับหน้าหลัก

Brief Record : Get Marc (ISO 2709) : E-mail record : QR code < ปิดหน้าต่าง
LEADER : 00000nam 2200000uu 4500
001    13399127934
003     ULIB
008    020711s2021 th a 000 0 eng d
020    ^a9780323695497
060    ^aWB100^bS678
100    ^aRoseli Esquerdo Lopes, Ana Paula Serrata Malfitano
245    ^aSocial Occupational Therapy: Theoretical and Practical Designs
250    ^a1st ed
260    ^aPhiladelphia :^bElsevier,^c2021
300    ^a230 pages;^b26 cm
650    ^aOccupational Therapy
650    ^aPractical Designs
945    ^p1725^l0^i008521
999    ^aประนอม เกษจรัล
รายการนี้ยังไม่มีแท็ก
คุณยังไม่ได้ล็อกอิน คุณสามารถมีกิจกรรมร่วมกับเว็บไซต์ได้ แต่ต้องล็อกอินก่อน ::
  ล็อกอิน

รายการสื่อสารสนเทศ

ลำดับที่ ประเภท เลขเรียก/บาร์โค้ด สถานที่ สถานะ
1. วิทยาศาสตร์การแพทย์ และสุขภาพ
วิทยาศาสตร์การแพทย์ และสุขภาพ
WB100 S678 ฉ.1 
  Barcode: 008521
ห้องสมุดวิทยาเขตสวรรค์ประชารักษ์
►หนังสือทั่วไป
บนชั้น

รายการใกล้เคียง
    หัวเรื่อง [Occupational Therapy]

BibComment


ยังไม่เคยถูกคอมเมนท์

คอมเมนท์ทรัพยากรรายการนี้
  คอมเมนท์: Social Occupatio..


 Copyright 2026. Bcnsprnw @Library